|
|
|
|
| LEADER |
01073aam a22003138a 4500 |
| 001 |
00030676 |
| 005 |
20171026081025.0 |
| 008 |
130606s2008 ||||||viesd |
| 020 |
|
|
|c 80000
|
| 041 |
0 |
# |
|a vie
|
| 082 |
1 |
4 |
|a 332.630 71
|b GI108TR
|
| 100 |
1 |
# |
|a Tô, Kim Ngọc
|e Chủ biên
|
| 245 |
1 |
0 |
|c Tô Kim Ngọc (ch.b)
|a Giáo trình phân tích chứng khoán
|
| 260 |
# |
# |
|a Hà Nội
|b Thống Kê
|c 2008
|
| 300 |
# |
# |
|a 318 tr.
|c 24 cm.
|
| 500 |
# |
# |
|a Đầu bìa sách ghi: Học viện Ngân hàng
|
| 653 |
# |
# |
|a Chứng khoán
|
| 653 |
# |
# |
|a Công cụ phái sinh
|
| 653 |
# |
# |
|a Đầu tư
|
| 653 |
# |
# |
|a Trái phiếu
|
| 653 |
# |
# |
|a Phân tích chứng khoán
|
| 653 |
# |
# |
|a Giáo trình
|
| 653 |
# |
# |
|a Cổ phiếu
|
| 852 |
# |
# |
|b Kho đọc
|j KD.0014600
|
| 852 |
# |
# |
|b Kho mượn
|j KGT.0038215
|
| 852 |
# |
# |
|b Kho giáo trình
|j KGT.0038215, KGT.0038216
|
| 852 |
# |
# |
|j KGT.0038216
|j KD.0014600
|j KGT.0038215
|
| 910 |
|
|
|d 06/06/2013
|
| 980 |
# |
# |
|a Trung tâm Học liệu Lê Vũ Hùng, Trường Đại học Đồng Tháp
|